00394nam a2200121Ia 4500003000400000005001700004008004100021040001800062041000800080100004400088245010400132260003600236OSt20260120153855.0211028s2014 xx 000 0 und d cAIMIT LIBRARY aeng aNaik, Raksha; Kairanna, Sneha.g1216097 aStudy on employee job satisfaction with reference to al hosni trading and contracting Muscat Oman / aMangalorebSneha Kairannac2014